|
|
|
|
| LEADER |
00870pam a22003018a 4500 |
| 001 |
00035482 |
| 005 |
20171026081025.0 |
| 008 |
161209s ||||||Viesd |
| 041 |
0 |
# |
|a Vie
|
| 082 |
1 |
4 |
|a 362.7
|b T103L
|
| 245 |
1 |
0 |
|a Tài liệu tập huấn kỹ năng bảo vệ trẻ em
|b Chương 1 Phương pháp học tập
|
| 260 |
# |
# |
|a Hà Nội
|b Hà Nội
|
| 300 |
# |
# |
|a 341tr.
|c 28cm.
|
| 653 |
# |
# |
|a Bảo vệ
|
| 653 |
# |
# |
|a Trẻ em
|
| 653 |
# |
# |
|a Công tác xã hội
|
| 653 |
# |
# |
|a Chăm sóc
|
| 852 |
# |
# |
|b Kho mượn
|j KM.0019894, KM.0019897
|
| 852 |
# |
# |
|j KD.0019094
|j KM.0019894
|j KM.0019897
|
| 852 |
# |
# |
|b Kho đọc
|j KD.0019094
|
| 910 |
|
|
|d 09/12/2016
|
| 980 |
# |
# |
|a Trung tâm Học liệu Lê Vũ Hùng, Trường Đại học Đồng Tháp
|